| 000 | 00715nam a22001337a 4500 | ||
|---|---|---|---|
| 040 | _cRUA | ||
| 082 | _aAGR LEN 2008 B038 Or.1 | ||
| 100 | _aLENG, CHANNY. | ||
| 245 | _aComparison of different rates of nitrogen fertilizer on tomato at the royal university of agriculture ការប្រៀបធៀបកំរិតខុសគ្នានៃជីអាសូតលើដំណាំប៉េងប៉ោះក្នុងលក្ខខណ្ឌសាកលវិទ្យាល័យភូមិន្ទកសិកម្ម | ||
| 260 |
_aPhnom Penh _bRUA _c2008 |
||
| 300 |
_ax; 55p. _bill. _c29cm. |
||
| 856 | _uhttps://drive.google.com/file/d/1YVJQtCOB7yVSR_IN8xUR4H7YJ2qRXQz0/view?usp=sharing | ||
| 942 | _cAGR | ||
| 999 |
_c874 _d874 |
||